000 00295nam a22001337a 4500
008 190306b xxu||||| |||| 00| 0 eng d
020 _a2801455749753
041 _aeng
080 _26th
_a610
100 _a4
101 _aSHM
245 _aEndocrine Secrets
_cMcDermott, M.T
942 _2udc
_cBK
999 _c54638
_d54638